Význam informačnej zložky kozmetických výrobkov

Salvato in:
Dettagli Bibliografici
Autore principale: Valachová, Simona (Autore)
Altri autori: Pažoureková, Silvia (Relatore della tesi)
Natura: Manoscritto Libro
Lingua:slovacco
Pubblicazione: 2018
Soggetti:
Accesso online:http://is.stuba.sk/zp/portal_zp.pl?podrobnosti=132867
Tags: Aggiungi Tag
Nessun Tag, puoi essere il primo ad aggiungerne!!

MARC

LEADER 00000ntm a22000003a 4500
001 stuzp67527
003 SK-STU
005 20180623210555.6
007 ta
008 150427s2015----xo-----f-mn---000-0-slo-d
040 |a STU  |b slo 
041 0 |a slo 
100 1 |a Valachová, Simona  |u 040200  |4 aut  |U FCHPT Fakulta chemickej a potravinárskej technológie  |T FCHPT Ústav potravinárstva a výživy  |X 76924  |U C020  |Y 684  |7 76924 
242 0 1 |a The Importance of the Product Information File of Cosmetic Products  |y eng 
245 1 0 |a Význam informačnej zložky kozmetických výrobkov 
260 |c 2018 
650 4 |a informačná zložka kozmetických výrobkov  |2 slo 
650 4 |a bezpečnosť  |2 slo 
650 4 |a kozmetický výrobok  |2 slo 
650 4 |a označovanie  |2 slo 
650 4 |a oznámenie  |2 slo 
650 4 |a safety  |2 eng 
650 4 |a product information file  |2 eng 
650 4 |a labelling  |2 eng 
650 4 |a notification  |2 eng 
650 4 |a cosmetic product  |2 eng 
700 1 |a Pažoureková, Silvia  |u 040250  |k Z1  |4 ths  |U FCHPT Ústav potravinárstva a výživy  |T FCHPT Oddelenie potravinárskej technológie  |X 16670  |U C0250  |Y 685  |7 A000016670 
856 4 |u http://is.stuba.sk/zp/portal_zp.pl?podrobnosti=132867